000 01023nam a2200265Ia 4500
003 CO-CtgCURN
005 20250329173537.0
008 200803s2015 xx f 000 0 spa d
020 _a9789503413906
040 _aCO-CtgCURN
_bspa
_ccoctgcurn
082 _a611
_bS749
100 _aSperoni, Francisco
_eautor
_94744
245 0 _aDiccionario de anatomía e histología
_h[electronic resource] /
_cFrancisco Speroni
260 _aArgentina :
_bUniversidad Nacional de la Plata,
_c2015
300 _arecurso en línea (191 páginas) :
_bilustraciones (color)
336 _atexto
_btxt
337 _acomputador
_bc
338 _arecurso en línea
_bcr
490 _aLibros de Cátedra
590 _aPrograma de Enfermería_27
650 _aCiencias médicas
_94745
856 _uhttps://unicurn.sharepoint.com/:b:/s/biblioteca/ESiOcKu4tOZBtQHrheK0vRoBd1KeRb25Udv1khyNCohPLw?e=4CeSG4
_zVea este libro electrónico
942 _cCF
_hR 611
_iS749
_2ddc
999 _c7815
_d7815